000 00541nam a2200217Ia 4500
003 OSt
005 20221005115543.0
006 a|||||r|||| 00| 0
007 ta
008 221004b |||||||| |||| 00| 0 tam d
024 _a49720
037 _cTextual
040 _aCRL
_cCRL
_btam
041 _2tam
_atam
082 _aO31,3N06, L3
100 _aNatrajan
_9627726
245 0 _aChilampu seluar vazhkaile
650 _aTAMIL LITERATURE
942 _hO31,3N06, L3
_cTEXL
_2cc
999 _c1035173
_d1035173